000 02215nab a2200241 ab4500
005 20230529112751.0
008 230529c2023 sp qr p 0 0 spa d
040 _aMX-MxUPN
_bspa
_cMX-MxUPN
_eaacr2
100 _949053
_aCivís Zaragoza, Mireia
100 _949056
_aFlores Muxí, Carme
100 1 _949059
_aGeis Balagué, Maria Angels
245 1 _aTejiendo alianzas en y desde la universidad :
_bel caso de la Facultad de Educación Blanquerna [URL]
_h[recurso electrónico en línea]
506 0 _aAcceso abierto
520 3 _aLa institución universitaria se ha caracterizado habitualmente por un distanciamiento del mundo real, una tendencia a los compartimentos estancos y una considerable rigidez. El artículo presenta la política de desarrollo de la dimensión relacional de la Universidad a través de la figura de coordinación de redes y alianzas. Ésta, contribuye a un modelo que más allá de los planes de estudio de grado compuestos por asignaturas aisladas conecta materias, disciplinas, profesiones y necesidades del territorio a través de una política de cultivo e incremento del capital social de la institución. A través de un diagnóstico de las conexiones internas y externas se diseña un plan de acción. Éste se rige por el principio de responsabilidad social de la Universidad y establece una estrategia a corto, medio y largo plazo en relación con la dimensión interna y externa de los estudios. Esta estrategia se monitoriza a través de la Unidad operativa de redes y alianzas que supervisa, apoya y centraliza la gestión de las distintas acciones entre las que hay retos interdisciplinarios intergrados, APS con el territorio o el desarrollo de un Proyecto Magnet. Son algunos de los ejemplos que vertebran esta línea estratégica que busca convertir la facultad en un Hub educativo comunitario de mirada 360º. RED.
653 _aRedes
653 _aAlianzas, conexiones
653 _aEcosistema educativo
653 _aInstitución universitaria
773 _gVol. 23, no. 74 (2023)
_tRED: revista de educación a distancia
_x1578-7680
856 _uhttps://revistas.um.es/red/article/view/542581
902 _aLeonor Sotres/290523
942 _cART-E
_2lcc
999 _c209702
_d209702